01246nab a22002417a 4500999001500000003000400015005001700019008004100036040000700077100003300084245010800117260007300225300001300298500007600311505025100387505008900638650003500727650003000762650003000792650003100822773013800853942001300991 c5639d5639OSt20251226212011.0190603e xxum|||| |||| 00| 0 spa d cPJ 95441aNegri, Nicolás Jorge10aContratación electrónica. A propósito del servicio de telefonía móvil /cNicolás J. Negri.  cCiudad Autónoma de Buenos Aires :aThomson Reuters La Ley, b2025. ap. 21-38 aCita: TR LALEY AR/DOC/1053/2025 Publicado en: RCCyC 2025 (junio) , 21. aSumario: I. Preludio.— II. El fin declamado y los motivos subyacentes.— III. Variaciones del tema: la especificidad del contrato electrónico de telefonía celular.— IV. El contrato de servicio de telefonía móvil.— V. Conclusión.  t¿Te interesa el texto completo? Solicitalo al correo: koha@justierradelfuego.gov.ar 091497aCODIGO CIVIL Y COMERCIAL 09286aCOMERCIO ELECTRONICO 094552aRELACION DE CONSUMO 091606aCONTRATO DE ADHESION0 0271393170dCiudad Autónoma de Buenos Aires : Thomson Reuters La Ley, 2015-tRevista Código Civil y Comercial. Nº 3 - Junio 2025 2udccANA